Biblioteca y Centro de Documentación

Ciberderecho (Registro nro. 50808)

Detalles MARC
000 -CABECERA
Longitud fija campo de control 01389nam a2200421 i 4500
001 - NÚMERO DE CONTROL
Número de control 50808
003 - IDENTIFICADOR DE NÚMERO DE CONTROL
Identificador del número de control ES-MaCES
005 - FECHA Y HORA DE LA ÚLTIMA TRANSACCIÓN
Fecha y hora de la última transacción 20180626112545.0
008 - CAMPO FIJO DE DESCRIPCIÓN FIJA--INFORMACIÓN GENERAL
Códigos de información de longitud fija   180620s2018 sp 000 | spa d
017 ## - NÚMERO DE REGISTRO DE DERECHOS DE AUTOR Y DEPÓSITO LEGAL
Número de copyright o de depósito legal V 408-2018
Agencia que asigna el número DL
020 ## - ISBN (INTERNATIONAL STANDARD BOOK NUMBER)
Número Internacional Normalizado para Libros (ISBN) 9788491693970
040 ## - FUENTE DE CATALOGACIÓN
Centro catalogador de origen ES-MaCES
Lengua de catalogación spa
Centro transcriptor ES-MaCES
100 1# - ENCABEZAMIENTO PRINCIPAL--NOMBRE PERSONAL
9 (RLIN) 39014
Nombre de persona Barrio Andrés, Moisés
245 00 - MENCIÓN DE TÍTULO
Título Ciberderecho
Resto del título : bases estructurales, modelos de regulación e instituciones de gobernanza de internet
Mención de responsabilidad, etc. Moisés Barrio Andrés
260 ## - PUBLICACIÓN, DISTRIBUCIÓN, ETC (PIE DE IMPRENTA)
Lugar de publicación, distribución, etc. Valencia
Nombre del editor, distribuidor, etc. Tirant lo Blanch
Fecha de publicación, distribución, etc. 2018
300 ## - DESCRIPCIÓN FÍSICA
Extensión 163 p.
Dimensiones 22 cm
490 1# - MENCIÓN DE SERIE
Mención de serie Derecho y TIC's
504 ## - NOTA DE BIBLIOGRAFÍA, ETC.
Nota de bibliografía, etc. Bibliografía: p. 155-163
541 0# - NOTA DE LA FUENTE INMEDIANTE DE ADQUISICIÓN
Forma de adquisición Compra
650 #4 - ASIENTO SECUNDARIO DE MATERIA--TÉRMINO DE MATERIA
Término de materia o nombre geográfico como elemento inicial tecnología de la información
9 (RLIN) 30104
650 #4 - ASIENTO SECUNDARIO DE MATERIA--TÉRMINO DE MATERIA
Término de materia o nombre geográfico como elemento inicial Internet
9 (RLIN) 30572
650 #4 - ASIENTO SECUNDARIO DE MATERIA--TÉRMINO DE MATERIA
Término de materia o nombre geográfico como elemento inicial red electrónica
9 (RLIN) 30571
650 #4 - ASIENTO SECUNDARIO DE MATERIA--TÉRMINO DE MATERIA
Término de materia o nombre geográfico como elemento inicial nuevas tecnologías
9 (RLIN) 30788
650 #4 - ASIENTO SECUNDARIO DE MATERIA--TÉRMINO DE MATERIA
Término de materia o nombre geográfico como elemento inicial elaboración electrónica de datos
9 (RLIN) 28879
650 #4 - ASIENTO SECUNDARIO DE MATERIA--TÉRMINO DE MATERIA
Término de materia o nombre geográfico como elemento inicial protección de los datos
9 (RLIN) 29496
650 #4 - ASIENTO SECUNDARIO DE MATERIA--TÉRMINO DE MATERIA
Término de materia o nombre geográfico como elemento inicial propiedad intelectual
9 (RLIN) 29444
650 #4 - ASIENTO SECUNDARIO DE MATERIA--TÉRMINO DE MATERIA
Término de materia o nombre geográfico como elemento inicial comercio electrónico
9 (RLIN) 31575
650 #4 - ASIENTO SECUNDARIO DE MATERIA--TÉRMINO DE MATERIA
Término de materia o nombre geográfico como elemento inicial mecanismo de control
9 (RLIN) 29918
650 #4 - ASIENTO SECUNDARIO DE MATERIA--TÉRMINO DE MATERIA
Término de materia o nombre geográfico como elemento inicial organización institucional
9 (RLIN) 27196
650 #4 - ASIENTO SECUNDARIO DE MATERIA--TÉRMINO DE MATERIA
Término de materia o nombre geográfico como elemento inicial derecho
9 (RLIN) 27151
650 #4 - ASIENTO SECUNDARIO DE MATERIA--TÉRMINO DE MATERIA
Término de materia o nombre geográfico como elemento inicial derecho comunitario
9 (RLIN) 29866
650 #4 - ASIENTO SECUNDARIO DE MATERIA--TÉRMINO DE MATERIA
Término de materia o nombre geográfico como elemento inicial derecho internacional
9 (RLIN) 26684
650 #4 - ASIENTO SECUNDARIO DE MATERIA--TÉRMINO DE MATERIA
Término de materia o nombre geográfico como elemento inicial régimen jurídico
9 (RLIN) 29894
653 10 - TÉRMINO DE INDEXACIÓN--NO CONTROLADO
Término no controlado Derecho
830 #0 - ENCABEZAMIENTO SECUNDARIO DE COLECCIÓN--TÍTULO UNIFORME
9 (RLIN) 39156
Título uniforme Derecho y TIC's
902 ## - CES. TIPO DE DOCUMENTO
Tipodoc (006$c Sirtex) LIB Libro
942 ## - ELEMENTOS KOHA
Fuente de clasificaión o esquema Clasificación propia del CES
Koha [por defecto] tipo de item Monografías
Parte de clasificación Derecho
Existencias
Número de registro Signatura completa Tipo de item de Koha
090564 SR-6.0.-20 Monografías
© CES, Consejo Económico y Social de España 2021